| 000 | 01112pam a2200325 a 4500 | ||
|---|---|---|---|
| 001 | 015859891 | ||
| 003 | OSt | ||
| 005 | 20150331112951.0 | ||
| 008 | 110726t2012 enka frb 001 0 eng d | ||
| 020 | _a9780273764144 (pbk.) | ||
| 020 | _a0273764144 (pbk.) | ||
| 040 |
_aStDuBDS _beng _cStDuBDS _dUk _dEG-ScBUE |
||
| 082 | 0 | 0 |
_a006.37 _222 _bFOR |
| 100 | 1 |
_aForsyth, David. _922407 |
|
| 245 | 1 | 0 |
_aComputer vision : _ba modern approach / _cDavid A. Forsyth, Jean Ponce. |
| 250 |
_a2nd ed., International ed. / _bcontributions by Soumen Mukherjee, Arub Kumar Bhattacharjee. |
||
| 260 |
_aHarlow : _bPearson Education Limited, _cc.2012. |
||
| 300 |
_a791 p. : _bill. ; _c26 cm. |
||
| 490 | 0 | _aAlways learning | |
| 500 | _aIndex : p. 767-789. | ||
| 504 | _aBibliography : p. 714-766. | ||
| 650 | 0 |
_aComputer vision. _918312 |
|
| 650 | 0 |
_aComputer vision _vProblems, exercises, etc. _937558 |
|
| 653 |
_bENGELC _cMarch2015 |
||
| 655 |
_vreading book _934232 |
||
| 700 | 1 |
_aPonce, Jean. _937559 |
|
| 700 | 1 |
_aMukherjee, Soumen. _932792 |
|
| 700 | 1 |
_aBhattacharjee, Arup Kumar. _932793 |
|
| 942 |
_2ddc _k006.37 FOR |
||
| 999 |
_c19143 _d19115 |
||